Civilisation matérielle, économie et capitalisme : Tome 2 - Les jeux de l'échange (notice n° 2197835)
[ vue normale ]
| 000 -LEADER | |
|---|---|
| fixed length control field | 01480cam a2200133 4500500 |
| 005 - DATE AND TIME OF LATEST TRANSACTION | |
| control field | 20260405085452.0 |
| 041 ## - LANGUAGE CODE | |
| Language code of text/sound track or separate title | fre |
| 042 ## - AUTHENTICATION CODE | |
| Authentication code | dc |
| 100 10 - MAIN ENTRY--PERSONAL NAME | |
| Personal name | Braudel, Fernand |
| Relator term | author |
| 245 00 - TITLE STATEMENT | |
| Title | Civilisation matérielle, économie et capitalisme : Tome 2 - Les jeux de l'échange |
| 260 ## - PUBLICATION, DISTRIBUTION, ETC. | |
| Name of publisher, distributor, etc. | Armand Colin,<br/> |
| Date of publication, distribution, etc. | 2022.<br/> |
| 520 ## - SUMMARY, ETC. | |
| Summary, etc. | Les trois volumes de Civilisation matérielle, économie et capitalisme nous plongent dans l'histoire du monde du XVe au XVIIIe siècle, un extraordinaire voyage à travers le temps et l'espace des civilisations humaines. C'est aussi une réflexion magistrale sur la nature et le rôle de ce capitalisme, acteur toujours plus essentiel des sociétés de l’époque médiévale et moderne. Ce deuxième volume, Les jeux de l’échange, analyse les modalités économiques, depuis le troc élémentaire jusqu’au capitalisme le plus sophistiqué. L’activité économique se développe avec les colporteurs et les marchands, les échoppes et les boutiques, les marchés et les foires, mais aussi avec les grandes compagnies qui commercent au loin et les Bourses, à l’origine des « économie-mondes ». Mais la confrontation croissante du marché de marché avec le capitalisme fait naître les inégalités au sein de société, toujours plus confrontées à la concurrence et à la spéculation. |
| 856 41 - ELECTRONIC LOCATION AND ACCESS | |
| Uniform Resource Identifier | <a href="https://shs.cairn.info/civilisation-materielle-economie-et-capitalisme--9782200633417?lang=fr&redirect-ssocas=7080">https://shs.cairn.info/civilisation-materielle-economie-et-capitalisme--9782200633417?lang=fr&redirect-ssocas=7080</a> |
Pas d'exemplaire disponible.




Réseaux sociaux